<?xml version="1.0" encoding="UTF-8"?>
<record
    xmlns:xsi="http://www.w3.org/2001/XMLSchema-instance"
    xsi:schemaLocation="http://www.loc.gov/MARC21/slim http://www.loc.gov/standards/marcxml/schema/MARC21slim.xsd"
    xmlns="http://www.loc.gov/MARC21/slim">

  <leader>03247nam a2200409 i 4500</leader>
  <controlfield tag="003">DO-SdBNP</controlfield>
  <controlfield tag="005">20250227073855.0</controlfield>
  <controlfield tag="007">ta</controlfield>
  <controlfield tag="008">210304b  2020 dr a s 00| 0 eng d</controlfield>
  <datafield tag="020" ind1=" " ind2=" ">
    <subfield code="a">9789945582895 (v. 272)</subfield>
  </datafield>
  <datafield tag="020" ind1=" " ind2=" ">
    <subfield code="a">9789945443622 (serie)</subfield>
  </datafield>
  <datafield tag="040" ind1=" " ind2=" ">
    <subfield code="a">DO-SdBNP</subfield>
    <subfield code="b">spa</subfield>
    <subfield code="c">BNPHU</subfield>
    <subfield code="e">rda</subfield>
  </datafield>
  <datafield tag="082" ind1=" " ind2="4">
    <subfield code="a">306.097293</subfield>
    <subfield code="b">V145c, 2020</subfield>
    <subfield code="2">22</subfield>
  </datafield>
  <datafield tag="100" ind1="1" ind2=" ">
    <subfield code="a">Valdez Albizu, H&#xE9;ctor,</subfield>
    <subfield code="d">1947-</subfield>
    <subfield code="e">autor</subfield>
    <subfield code="4">aut.</subfield>
    <subfield code="9">12322</subfield>
  </datafield>
  <datafield tag="245" ind1="1" ind2="3">
    <subfield code="a">La cultura en el Banco Central : </subfield>
    <subfield code="b">discursos 2018-2020 / </subfield>
    <subfield code="c">H&#xE9;ctor Valdez Albizu ; presentaci&#xF3;n y edici&#xF3;n al cuidado de, Jos&#xE9; Alc&#xE1;ntara Alm&#xE1;nzar  y Elvis Francis Soto ; colaboraci&#xF3;n, Hip&#xF3;lito Batista.</subfield>
  </datafield>
  <datafield tag="264" ind1=" " ind2="4">
    <subfield code="a">Santo Domingo : </subfield>
    <subfield code="b">Editor Banco Central de la Rep&#xFA;blica Dominicana, </subfield>
    <subfield code="c">2020.</subfield>
  </datafield>
  <datafield tag="300" ind1=" " ind2=" ">
    <subfield code="a">154 paginas : </subfield>
    <subfield code="b">ilustraciones, retratos. ; </subfield>
    <subfield code="c">23 cm. </subfield>
  </datafield>
  <datafield tag="336" ind1=" " ind2=" ">
    <subfield code="a">texto</subfield>
    <subfield code="b">txt</subfield>
    <subfield code="2">rdacontent</subfield>
  </datafield>
  <datafield tag="337" ind1=" " ind2=" ">
    <subfield code="a">sin mediaci&#xF3;n</subfield>
    <subfield code="b">n</subfield>
    <subfield code="2">rdamedia</subfield>
  </datafield>
  <datafield tag="338" ind1=" " ind2=" ">
    <subfield code="a">volumen</subfield>
    <subfield code="b">nc</subfield>
    <subfield code="2">rdacarrier</subfield>
  </datafield>
  <datafield tag="490" ind1="1" ind2=" ">
    <subfield code="a">Banco Central de la Republica Dominicana,</subfield>
    <subfield code="v">272</subfield>
  </datafield>
  <datafield tag="490" ind1="1" ind2=" ">
    <subfield code="a">Arte y literatura,</subfield>
    <subfield code="v">100</subfield>
  </datafield>
  <datafield tag="500" ind1=" " ind2=" ">
    <subfield code="a">Incluye datos biogr&#xE1;ficos del autor en las solapas.</subfield>
  </datafield>
  <datafield tag="505" ind1="0" ind2=" ">
    <subfield code="a">Presentaci&#xF3;n-- </subfield>
    <subfield code="t">Acto de puesta en circulaci&#xF3;n de las obras: La cultura en el Banco Central. Discursos 2016-2019--</subfield>
    <subfield code="t">Apertura de la exposici&#xF3;n. Monumentos y motivos religiosos en billetes, monedas y sellos dominicanos--</subfield>
    <subfield code="t">Recital. Las hermanas Pe&#xF1;a Comas en el Banco Central--</subfield>
    <subfield code="t">Acto de entrega de premios del Concurso Anual de Econom&#xED;a Biblioteca Juan Pablo Duarte--</subfield>
    <subfield code="t">Acto de puesta en circulaci&#xF3;n de las obras Manual de est&#xE9;tica musical, de la profesora Edith Hern&#xE1;ndez--</subfield>
    <subfield code="t">Acto de entrega de premios del Concurso de Arte y Literatura Bancentral 2018--</subfield>
    <subfield code="t">Discursos 2019--</subfield>
    <subfield code="t">Acto conmemorativo en honos al D&#xED;a de Juan Pablo Duarte--</subfield>
    <subfield code="t">Apertura de la exposici&#xF3;n. Encuentro entre dos mundos: monedas, billetes y sellos.</subfield>
  </datafield>
  <datafield tag="505" ind1="0" ind2=" ">
    <subfield code="a">Palabras del gobernador del Banco Central de la Rep&#xFA;blica Dominicana--</subfield>
    <subfield code="t">Participaci&#xF3;n en la Feria Internacional del Libro 2019--</subfield>
    <subfield code="t">Apertura de la exposici&#xF3;n pict&#xF3;rica. Im&#xE1;genes de la econom&#xED;a informal dominicana--</subfield>
    <subfield code="t">Apertura de la exposici&#xF3;n Evolucj&#xF3;n del billete dominicano 1947-2017--</subfield>
    <subfield code="t">Recital. J&#xF3;venes talentos del viol&#xED;n--</subfield>
    <subfield code="t">Acto de puesta en circulaci&#xF3;n de las obras de Julio Llort--</subfield>
    <subfield code="t">Acto de entrega de premios del Concurso Anual de Econom&#xED;a Biblioteca Juan Pablo Duarte--</subfield>
    <subfield code="t">Acto de entrega de premios del concurso de Arte y Literatura Bancentral 2019--</subfield>
    <subfield code="t">Discursos 2020--</subfield>
    <subfield code="t">Ofrenda floral en el Altar de la Patria--</subfield>
    <subfield code="t">Apertura de la exposici&#xF3;n Juan Pablo Duarte en las emisiones del Banco Central y sellos conmemorativos.</subfield>
  </datafield>
  <datafield tag="590" ind1=" " ind2=" ">
    <subfield code="a">Inventariado, 2021 /LP

</subfield>
  </datafield>
  <datafield tag="610" ind1="2" ind2="0">
    <subfield code="a">Banco Central de la Rep&#xFA;blica Dominicana</subfield>
    <subfield code="x">Mecenazgo art&#xED;stico </subfield>
    <subfield code="9">83405</subfield>
  </datafield>
  <datafield tag="650" ind1=" " ind2="4">
    <subfield code="a">Cultura </subfield>
    <subfield code="z">Rep&#xFA;blica Dominicana</subfield>
    <subfield code="y">2018-2020</subfield>
    <subfield code="9">78893</subfield>
  </datafield>
  <datafield tag="650" ind1=" " ind2="4">
    <subfield code="a">Artes</subfield>
    <subfield code="z">Rep&#xFA;blica Dominicana</subfield>
    <subfield code="y">2018-2020</subfield>
    <subfield code="9">78897</subfield>
  </datafield>
  <datafield tag="700" ind1="1" ind2=" ">
    <subfield code="a">Alc&#xE1;ntara Alm&#xE1;nzar, Jos&#xE9;</subfield>
    <subfield code="d">1946-</subfield>
    <subfield code="e">presentaci&#xF3;n y cuidado de edici&#xF3;n</subfield>
    <subfield code="4">pre. y ed.</subfield>
    <subfield code="9">7018</subfield>
  </datafield>
  <datafield tag="700" ind1="1" ind2=" ">
    <subfield code="a">Soto, Elvis Francis,</subfield>
    <subfield code="e">editor</subfield>
    <subfield code="9">39156</subfield>
    <subfield code="4">ed.</subfield>
  </datafield>
  <datafield tag="700" ind1="1" ind2=" ">
    <subfield code="a">Batista, Hip&#xF3;lito,</subfield>
    <subfield code="e">colaborador</subfield>
    <subfield code="9">78008</subfield>
    <subfield code="4">co.</subfield>
  </datafield>
  <datafield tag="830" ind1=" " ind2="0">
    <subfield code="a">Banco Central de la Republica Dominicana,</subfield>
    <subfield code="n">272</subfield>
    <subfield code="9">78009</subfield>
  </datafield>
  <datafield tag="830" ind1=" " ind2="0">
    <subfield code="a">Arte y literatura,</subfield>
    <subfield code="n">100</subfield>
    <subfield code="9">78010</subfield>
  </datafield>
  <datafield tag="910" ind1=" " ind2=" ">
    <subfield code="a">Inventariado, 2021 /LP/Validado, 2021/MFF</subfield>
  </datafield>
  <datafield tag="942" ind1=" " ind2=" ">
    <subfield code="2">ddc</subfield>
    <subfield code="c">LBS1</subfield>
  </datafield>
  <datafield tag="952" ind1=" " ind2=" ">
    <subfield code="0">0</subfield>
    <subfield code="1">0</subfield>
    <subfield code="2">ddc</subfield>
    <subfield code="5">1</subfield>
    <subfield code="7">0</subfield>
    <subfield code="8">PD</subfield>
    <subfield code="a">BNPHU</subfield>
    <subfield code="b">BNPHU</subfield>
    <subfield code="c">HD</subfield>
    <subfield code="d">2021-03-04</subfield>
    <subfield code="e">Dep&#xF3;sito Legal </subfield>
    <subfield code="l">0</subfield>
    <subfield code="o">BNPHU PD 306.097293 V145c 2020</subfield>
    <subfield code="p">2021-0590</subfield>
    <subfield code="r">2021-03-04</subfield>
    <subfield code="w">2021-03-04</subfield>
    <subfield code="y">LBS1</subfield>
  </datafield>
  <datafield tag="952" ind1=" " ind2=" ">
    <subfield code="0">0</subfield>
    <subfield code="1">0</subfield>
    <subfield code="2">ddc</subfield>
    <subfield code="5">1</subfield>
    <subfield code="7">0</subfield>
    <subfield code="8">PD</subfield>
    <subfield code="a">BNPHU</subfield>
    <subfield code="b">BNPHU</subfield>
    <subfield code="c">HD</subfield>
    <subfield code="d">2021-03-04</subfield>
    <subfield code="e">Dep&#xF3;sito Legal </subfield>
    <subfield code="l">0</subfield>
    <subfield code="o">BNPHU PD 306.097293 V145c 2020</subfield>
    <subfield code="p">2021-0591</subfield>
    <subfield code="r">2021-03-04</subfield>
    <subfield code="t">e.2</subfield>
    <subfield code="w">2021-03-04</subfield>
    <subfield code="y">LBS1</subfield>
  </datafield>
  <datafield tag="952" ind1=" " ind2=" ">
    <subfield code="0">0</subfield>
    <subfield code="1">0</subfield>
    <subfield code="2">ddc</subfield>
    <subfield code="5">6</subfield>
    <subfield code="7">0</subfield>
    <subfield code="8">DS</subfield>
    <subfield code="a">BNPHU</subfield>
    <subfield code="b">BNPHU</subfield>
    <subfield code="c">HD</subfield>
    <subfield code="d">2021-03-04</subfield>
    <subfield code="e">Dep&#xF3;sito Legal </subfield>
    <subfield code="l">0</subfield>
    <subfield code="o">BNPHU DS 306.097293 V145c 2020</subfield>
    <subfield code="p">2021-0592</subfield>
    <subfield code="r">2021-03-04</subfield>
    <subfield code="t">e.3 </subfield>
    <subfield code="w">2021-03-04</subfield>
    <subfield code="y">LBS1</subfield>
  </datafield>
  <datafield tag="952" ind1=" " ind2=" ">
    <subfield code="0">0</subfield>
    <subfield code="1">0</subfield>
    <subfield code="2">ddc</subfield>
    <subfield code="5">6</subfield>
    <subfield code="7">0</subfield>
    <subfield code="8">DS</subfield>
    <subfield code="a">BNPHU</subfield>
    <subfield code="b">BNPHU</subfield>
    <subfield code="c">HD</subfield>
    <subfield code="d">2024-01-18</subfield>
    <subfield code="e">Donaci&#xF3;n</subfield>
    <subfield code="l">0</subfield>
    <subfield code="o">BNPHU DS 306.097293 V145c 2020</subfield>
    <subfield code="p">2024-0320</subfield>
    <subfield code="r">2024-01-18</subfield>
    <subfield code="t">e.4</subfield>
    <subfield code="w">2024-01-18</subfield>
    <subfield code="y">LBS1</subfield>
  </datafield>
  <datafield tag="999" ind1=" " ind2=" ">
    <subfield code="c">49496</subfield>
    <subfield code="d">49496</subfield>
  </datafield>
</record>
